| 000 | 00568nam a22001817a 4500 | ||
|---|---|---|---|
| 999 |
_c181607 _d181607 |
||
| 005 | 20210927160634.0 | ||
| 010 | _aENG-129973 | ||
| 020 |
_c1295.00 _a9789353887711 |
||
| 035 | _aEN-113505 | ||
| 037 | _bDBAD/PUB | ||
| 082 | _a320.08209546 | ||
| 245 |
_aWomen in Social Change: _bVisions, Struggles and Persisting Concerns/ _cedited by Ghazala Jamil |
||
| 250 | _a2021 | ||
| 260 |
_bSage _c2021 |
||
| 270 |
_bNew Delhi _aBI/1-1 Mohan Cooperative Industrial Area _e110044 |
||
| 300 |
_axliv,276p _c21cm (pbk) |
||
| 942 |
_2ddc _cEN _mGHA _h320.08209546 |
||